| 000 | 00639nam a2200145Ia 4500 | ||
|---|---|---|---|
| 008 | 220216s9999 xx 000 0 und d | ||
| 100 | _aJose V.T. | ||
| 245 | 0 | _aControl of bark feeding caterpillar Aetherastis circulata Meyer infesting rubber with insecticidal dusts | |
| 260 |
_bIn: Recent advances in plantation crops research: Placrosym XIII, 16-18 December 1998, Coimbatore, Tamil Nadu, India. (Eds. N. Muraleedharan and R. Raj Kumar). Allied Publishers, New Delhi, India, pp. 352-354. _c2000 |
||
| 650 | _aBark feeding caterpillar | ||
| 650 | _aPest control | ||
| 700 | _aKothandaraman R. | ||
| 700 | _aThankamony S. | ||
| 942 | _cBS | ||
| 999 |
_c52537 _d52537 |
||